[Event "Paracin Orbis FM 02"]
[Site "Paracin"]
[Date "2022.02.06"]
[Round "9"]
[White "Talgatov, Nazar"]
[Black "Opacic, Alexandar"]
[Result "1/2-1/2"]
[WhiteElo "1624"]
[BlackElo "1871"]
[PlyCount "30"]
[EventDate "2022.01.31"]
[EventType "tourn"]
[EventRounds "9"]
[EventCountry "SRB"]
[SourceTitle "EXT 2023"]
[Source "ChessBase"]
[SourceDate "2022.10.05"]
[SourceVersion "1"]
[SourceVersionDate "2022.10.05"]
[SourceQuality "1"]

1. d4 d5 2. c4 c6 3. Nc3 Nf6 4. cxd5 cxd5 5. e3 Nc6 6. Bd3 g6 7. f4 Bg4 8. Nf3 Bg7 9. 0-0 0-0 10. Bd2 e6 11. Be1 Rc8 12. h3 Bxf3 13. Qxf3 Re8 14. Bh4 Qb6 15. Rab1 Nb4 1/2-1/2

[Event "Paracin Orbis FM 01"]
[Site "Paracin"]
[Date "2022.01.26"]
[Round "4"]
[White "Opacic, Alexandar"]
[Black "Ivic, Matija"]
[Result "1-0"]
[WhiteElo "1871"]
[BlackElo "2258"]
[PlyCount "49"]
[EventDate "2022.01.24"]
[EventType "tourn"]
[EventRounds "9"]
[EventCountry "SRB"]
[SourceTitle "EXT 2023"]
[Source "ChessBase"]
[SourceDate "2022.10.05"]
[SourceVersion "1"]
[SourceVersionDate "2022.10.05"]
[SourceQuality "1"]

1. e4 c5 2. Nf3 Nc6 3. d4 cxd4 4. Nxd4 Nf6 5. Nc3 d6 6. Bc4 g6 7. Nxc6 bxc6 8. e5 Ng4 9. exd6 Qxd6 10. Qxd6 exd6 11. 0-0 Be6 12. Ba6 Rb8 13. b3 Bg7 14. Bb2 0-0 15. Rad1 d5 16. Na4 Ne5 17. f4 Nd7 18. Ba3 Rfe8 19. Bd6 Bg4 20. Rd2 Nf6 21. Bxb8 Rxb8 22. Bd3 h5 23. c3 h4 24. Re1 Bh6 25. g3 1-0

[Event "Paracin Orbis FM 01"]
[Site "Paracin"]
[Date "2022.01.25"]
[Round "3"]
[White "Opacic, Alexandar"]
[Black "Cvetanovic, Uros"]
[Result "1/2-1/2"]
[WhiteElo "1871"]
[BlackElo "2248"]
[PlyCount "97"]
[EventDate "2022.01.24"]
[EventType "tourn"]
[EventRounds "9"]
[EventCountry "SRB"]
[SourceTitle "EXT 2023"]
[Source "ChessBase"]
[SourceDate "2022.10.05"]
[SourceVersion "1"]
[SourceVersionDate "2022.10.05"]
[SourceQuality "1"]

1. e4 c5 2. Nf3 e6 3. d4 cxd4 4. Nxd4 a6 5. c4 Nf6 6. Bd3 Nc6 7. Nc2 d5 8. exd5 exd5 9. 0-0 dxc4 10. Bxc4 Qxd1 11. Rxd1 Be7 12. Nc3 0-0 13. Bg5 h6 14. Bh4 b5 15. Be2 Bb7 16. Bf3 Na5 17. Bxb7 Nxb7 18. Ne3 Bd8 19. f3 Nd5 20. Ncxd5 Bxh4 21. g3 Bd8 22. Rac1 Re8 23. Kf2 a5 24. Nc7 Bxc7 25. Rxc7 Nd8 26. Nf5 Ne6 27. Rcd7 b4 28. Nd6 Red8 29. Nf5 Rxd7 30. Rxd7 Nc5 31. Rd2 a4 32. Rd5 Ne6 33. Rb5 a3 34. Rxb4 Nc5 35. Ke3 axb2 36. Rxb2 Ra3+ 37. Ke2 Na4 38. Rc2 Nc3+ 39. Kf2 Nxa2 40. Rc8+ Kh7 41. Rc7 Ra6 42. Rxf7 Kg6 43. Rf8 Nc3 44. f4 Ra2+ 45. Kf3 Rxh2 46. Ne7+ Kh7 47. f5 h5 48. Rc8 Ne2 49. Rc7 1/2-1/2

[Event "Novi Sad TS 219th"]
[Site "Novi Sad"]
[Date "2021.10.26"]
[Round "2.1"]
[White "Manukonda, Arun"]
[Black "Opacic, Alexandar"]
[Result "1-0"]
[WhiteElo "2005"]
[BlackElo "1920"]
[PlyCount "32"]
[EventDate "2021.10.25"]
[EventType "schev"]
[EventRounds "8"]
[EventCountry "SRB"]
[SourceTitle "CBM 205 Extra"]
[Source "ChessBase"]
[SourceDate "2022.01.31"]
[SourceVersion "1"]
[SourceVersionDate "2022.01.31"]
[SourceQuality "1"]
[WhiteTeam "Team B"]
[BlackTeam "Team A"]
[WhiteTeamCountry "SRB"]
[BlackTeamCountry "SRB"]

1. d4 d5 2. Nc3 Bf5 3. f3 Nf6 4. g4 Bg6 5. h4 h5 6. g5 Ng8 7. Bf4 c6 8. e3 e6 9. Bd3 Bxd3 10. Qxd3 Ne7 11. 0-0-0 Nd7 12. e4 a6 13. Nge2 b5 14. Ng3 Qa5 15. Kb1 b4 16. Nce2 Nb6 1-0

[Event "Novi Sad TS 219th"]
[Site "Novi Sad"]
[Date "2021.10.26"]
[Round "3.1"]
[White "Opacic, Alexandar"]
[Black "Kheerthi, Ganta"]
[Result "1/2-1/2"]
[WhiteElo "1920"]
[BlackElo "1738"]
[PlyCount "36"]
[EventDate "2021.10.25"]
[EventType "schev"]
[EventRounds "8"]
[EventCountry "SRB"]
[SourceTitle "CBM 205 Extra"]
[Source "ChessBase"]
[SourceDate "2022.01.31"]
[SourceVersion "1"]
[SourceVersionDate "2022.01.31"]
[SourceQuality "1"]
[WhiteTeam "Team A"]
[BlackTeam "Team B"]
[WhiteTeamCountry "SRB"]
[BlackTeamCountry "SRB"]

1. e4 c6 2. d4 d5 3. Nc3 dxe4 4. Nxe4 Bf5 5. Ng3 Bg6 6. f4 e6 7. Nf3 Bd6 8. Bc4 Ne7 9. 0-0 0-0 10. Kh1 Qc7 11. Nh4 Rd8 12. f5 exf5 13. Ngxf5 Nxf5 14. Nxf5 Nd7 15. Qg4 Nb6 16. Bd3 Nd5 17. Bg5 Re8 18. c4 Ne7 1/2-1/2

[Event "Paracin Summer op-B 12th"]
[Site "Paracin"]
[Date "2019.07.06"]
[Round "2"]
[White "Opacic, Alexandar"]
[Black "Heidarsson, Arnar Milutin"]
[Result "0-1"]
[WhiteElo "1999"]
[BlackElo "1777"]
[PlyCount "65"]
[EventDate "2019.07.05"]
[EventType "swiss"]
[EventRounds "9"]
[EventCountry "SRB"]
[SourceTitle "EXT 2020"]
[Source "ChessBase"]
[SourceDate "2019.10.17"]
[SourceVersion "1"]
[SourceVersionDate "2019.10.17"]
[SourceQuality "1"]

1. e4 c5 2. Nf3 d6 3. d4 cxd4 4. Nxd4 Nf6 5. Nc3 a6 6. g3 b5 7. Bg2 Bb7 8. a3 e5 9. Nf5 Qc7 10. Bg5 Nbd7 11. 0-0 h6 12. Bd2 g6 13. Ne3 Bg7 14. Qe2 0-0 15. Rac1 Nb6 16. Rfd1 Rac8 17. b3 Qb8 18. Ng4 Nxg4 19. Qxg4 Kh7 20. Nb1 f5 21. exf5 gxf5 22. Qe2 Bxg2 23. Kxg2 Qb7+ 24. Kg1 Rf6 25. Bb4 Bf8 26. Ba5 Nd5 27. Bb4 Nf4 28. Qf1 Qf3 29. Re1 Rg6 30. Bd2 Bg7 31. Bxf4 Qxf4 32. c4 e4 33. Nc3 0-1

[Event "Paracin Summer op-B 12th"]
[Site "Paracin"]
[Date "2019.07.05"]
[Round "1"]
[White "Niharika, Challa"]
[Black "Opacic, Alexandar"]
[Result "0-1"]
[WhiteElo "1676"]
[BlackElo "1999"]
[PlyCount "68"]
[EventDate "2019.07.05"]
[EventType "swiss"]
[EventRounds "9"]
[EventCountry "SRB"]
[SourceTitle "EXT 2020"]
[Source "ChessBase"]
[SourceDate "2019.10.17"]
[SourceVersion "1"]
[SourceVersionDate "2019.10.17"]
[SourceQuality "1"]

1. e4 c5 2. Nf3 d6 3. d4 cxd4 4. Nxd4 Nf6 5. Nc3 Nc6 6. Be3 g6 7. f3 Bg7 8. Qd2 Bd7 9. 0-0-0 a5 10. Kb1 a4 11. a3 h5 12. Bc4 Ne5 13. Ba2 Rc8 14. f4 Nc4 15. Bxc4 Rxc4 16. e5 Ng4 17. exd6 exd6 18. Rhe1 0-0 19. Bg1 Qa5 20. h3 Nf6 21. Nf3 Rfc8 22. Qxd6 Rxc3 23. bxc3 Qxc3 24. Nd4 Bf5 25. Re2 Ne4 26. Qb6 Qxa3 27. Rd3 Nc3+ 28. Rxc3 Qxc3 29. Qb2 Qc4 30. Rd2 b5 31. Qxb5 Qc7 32. Ka2 Qxf4 33. Qa5 Rc4 34. Bf2 Qd6 0-1

[Event "Paracin Summer op-B 10th"]
[Site "Paracin"]
[Date "2017.07.13"]
[Round "8"]
[White "Mantzakouras, Loukas"]
[Black "Opacic, Alexandar"]
[Result "0-1"]
[WhiteElo "1949"]
[BlackElo "2029"]
[PlyCount "66"]
[EventDate "2017.07.07"]
[EventType "swiss"]
[EventRounds "9"]
[EventCountry "SRB"]
[SourceTitle "EXT 2020"]
[Source "ChessBase"]
[SourceDate "2019.10.17"]
[SourceVersion "1"]
[SourceVersionDate "2019.10.17"]
[SourceQuality "1"]

1. e4 c5 2. Nf3 d6 3. Bb5+ Bd7 4. Bxd7+ Qxd7 5. 0-0 Nc6 6. c3 Nf6 7. Re1 g6 8. d4 e5 9. dxc5 dxc5 10. Qxd7+ Nxd7 11. a4 Be7 12. Na3 f6 13. Nc4 0-0-0 14. Ne3 Nf8 15. Nd5 Ne6 16. Be3 Rhe8 17. Rab1 Bd6 18. b4 g5 19. Red1 cxb4 20. cxb4 g4 21. b5 gxf3 22. bxc6 bxc6 23. Rdc1 c5 24. gxf3 f5 25. Rc3 f4 26. Bc1 Nd4 27. Kf1 Kd7 28. Rb7+ Kc6 29. Rxa7 Ra8 30. Rxh7 Rxa4 31. Rg7 Rh8 32. Kg2 Rh6 33. Bb2 Rb4 0-1

[Event "Paracin Summer op-B 10th"]
[Site "Paracin"]
[Date "2017.07.12"]
[Round "7"]
[White "Opacic, Alexandar"]
[Black "Djurovic, Peko"]
[Result "1-0"]
[WhiteElo "2029"]
[BlackElo "1490"]
[PlyCount "129"]
[EventDate "2017.07.07"]
[EventType "swiss"]
[EventRounds "9"]
[EventCountry "SRB"]
[SourceTitle "EXT 2020"]
[Source "ChessBase"]
[SourceDate "2019.10.17"]
[SourceVersion "1"]
[SourceVersionDate "2019.10.17"]
[SourceQuality "1"]

1. e4 c5 2. Nf3 Nc6 3. d4 cxd4 4. Nxd4 Nf6 5. Nc3 e5 6. Nb3 Bb4 7. Bg5 h6 8. Bxf6 Qxf6 9. Qd3 d6 10. a3 Bxc3+ 11. Qxc3 0-0 12. f3 Qg5 13. Qd2 Qxd2+ 14. Nxd2 Be6 15. Bc4 Nd4 16. Bd3 Rac8 17. c3 Nc6 18. 0-0-0 d5 19. exd5 Bxd5 20. Be4 Rfd8 21. Bxd5 Rxd5 22. Ne4 Rcd8 23. Rxd5 Rxd5 24. Kc2 Kf8 25. Re1 f5 26. Nd2 Kf7 27. b4 b5 28. c4 Nd4+ 29. Kc3 bxc4 30. Nxc4 Nb5+ 31. Kb3 Kf6 32. a4 Nd4+ 33. Kc3 a6 34. Ne3 Rd8 35. Nc4 Rd5 36. Ne3 Rd8 37. Kc4 Ke6 38. Rb1 e4 39. fxe4 fxe4 40. b5 axb5+ 41. axb5 Ke5 42. b6 Rb8 43. Ng4+ Kf4 44. Kxd4 Rd8+ 45. Kc5 Kxg4 46. b7 Rb8 47. Kc6 e3 48. Rb4+ Kf5 49. Kc7 e2 50. Rb1 Rxb7+ 51. Kxb7 Kf4 52. Kc6 Ke3 53. Kd6 Kf2 54. g4 e1Q 55. Rxe1 Kxe1 56. Ke6 Kf2 57. h4 Kg3 58. g5 Kxh4 59. g6 Kg5 60. Kf7 h5 61. Kxg7 h4 62. Kf7 h3 63. g7 h2 64. g8Q+ Kf4 65. Qg2 1-0

[Event "Novi Sad Sretenjski Ustav op"]
[Site "Novi Sad"]
[Date "2017.03.10"]
[Round "8"]
[White "Damia, Angelo"]
[Black "Opacic, Alexandar"]
[Result "1-0"]
[WhiteElo "2329"]
[BlackElo "2017"]
[PlyCount "107"]
[EventDate "2017.03.05"]
[EventType "swiss"]
[EventRounds "9"]
[EventCountry "SRB"]
[SourceTitle "CBM 177 Extra"]
[Source "ChessBase"]
[SourceDate "2017.04.27"]
[SourceVersion "1"]
[SourceVersionDate "2017.04.27"]
[SourceQuality "1"]

1. e4 c5 2. Nf3 Nc6 3. d4 cxd4 4. Nxd4 d6 5. Nc3 Bd7 6. Be2 Nf6 7. Be3 e6 8. Ndb5 Qb8 9. a4 a6 10. Na3 Qc7 11. Nc4 Ne5 12. Nb6 Rd8 13. f4 Ng6 14. Nxd7 Rxd7 15. 0-0 d5 16. exd5 Nxd5 17. Nxd5 Rxd5 18. Qe1 Bc5 19. Bf3 Rd7 20. f5 Ne7 21. fxe6 fxe6 22. Bxc5 Qxc5+ 23. Qf2 Qxf2+ 24. Rxf2 0-0 25. Re2 Rf6 26. Ra3 Nf5 27. Rf2 Nd4 28. Rd3 Nxf3+ 29. Rfxf3 Rc7 30. c3 Kf7 31. Rd6 Rxf3 32. gxf3 Kf6 33. Kf2 Rc4 34. Rb6 Rc7 35. Ke3 g5 36. Rb4 Kf5 37. Rd4 h5 38. h3 e5 39. Rb4 h4 40. a5 Rd7 41. c4 Rc7 42. b3 Re7 43. c5 Rc7 44. Rc4 Rd7 45. c6 bxc6 46. Rxc6 Rd5 47. b4 Rd4 48. Rb6 Rc4 49. Kd3 Rc1 50. Rxa6 Rh1 51. Ra8 Rxh3 52. Rf8+ Ke6 53. a6 g4 54. a7 1-0

[Event "Novi Sad Sretenjski Ustav op"]
[Site "Novi Sad"]
[Date "2017.03.09"]
[Round "6"]
[White "Popchev, Milko"]
[Black "Opacic, Alexandar"]
[Result "1-0"]
[WhiteElo "2310"]
[BlackElo "2017"]
[PlyCount "59"]
[EventDate "2017.03.05"]
[EventType "swiss"]
[EventRounds "9"]
[EventCountry "SRB"]
[SourceTitle "CBM 177 Extra"]
[Source "ChessBase"]
[SourceDate "2017.04.27"]
[SourceVersion "1"]
[SourceVersionDate "2017.04.27"]
[SourceQuality "1"]

1. d4 d5 2. Nf3 Nf6 3. c4 c6 4. Qc2 g6 5. e3 Bf5 6. Qb3 Qb6 7. Qa4 Bg7 8. Be2 0-0 9. 0-0 Bg4 10. Nc3 Bxf3 11. Bxf3 e6 12. b3 Nbd7 13. Ba3 Rfe8 14. Rac1 Bf8 15. Rfd1 a6 16. Bxf8 Nxf8 17. g3 h5 18. Ne2 Qc7 19. b4 Qe7 20. Qb3 N8h7 21. a4 h4 22. b5 Ng5 23. Bg2 Ng4 24. bxc6 bxc6 25. cxd5 cxd5 26. Rc6 Reb8 27. Qc2 Qb7 28. Nf4 Kg7 29. Rc7 Qb2 30. Qxg6+ 1-0

[Event "Novi Sad Sretenjski Ustav op"]
[Site "Novi Sad"]
[Date "2017.03.07"]
[Round "4"]
[White "Opacic, Alexandar"]
[Black "Kellner, Nikolaus"]
[Result "1-0"]
[WhiteElo "2017"]
[BlackElo "1721"]
[PlyCount "103"]
[EventDate "2017.03.05"]
[EventType "swiss"]
[EventRounds "9"]
[EventCountry "SRB"]
[SourceTitle "CBM 177 Extra"]
[Source "ChessBase"]
[SourceDate "2017.04.27"]
[SourceVersion "1"]
[SourceVersionDate "2017.04.27"]
[SourceQuality "1"]

1. e4 e5 2. Nf3 f5 3. Bc4 fxe4 4. Nxe5 Qg5 5. Nf7 Qxg2 6. Rf1 d5 7. Bxd5 c6 8. Qh5 Nf6 9. Qe5+ Be7 10. Nd6+ Kd8 11. Nxc8 Kxc8 12. Be6+ Kd8 13. Nc3 Nbd7 14. Qg3 Qxg3 15. fxg3 Nc5 16. Bh3 a5 17. b3 b5 18. a4 b4 19. Ne2 Bd6 20. Bb2 Rf8 21. 0-0-0 Kc7 22. Nd4 Nd5 23. Nf5 g6 24. Nxd6 Kxd6 25. Bg7 Rxf1 26. Rxf1 e3 27. dxe3 Nxe3 28. Rf6+ Kd5 29. Bh6 Re8 30. Bxe3 Rxe3 31. Bg2+ Ne4 32. Rf7 Re1+ 33. Kb2 h5 34. Rf6 Ke5 35. Rf8 Re2 36. Re8+ Kd4 37. Bxe4 Rxe4 38. Rd8+ Kc5 39. Ra8 Kb6 40. Rg8 Re6 41. Kc1 Kc5 42. Kd1 Kd4 43. Kd2 Ke4 44. c3 c5 45. Ra8 c4 46. cxb4 axb4 47. bxc4 Rd6+ 48. Kc2 Kd4 49. Kb3 Rb6 50. Rd8+ Kc5 51. Rd5+ Kc6 52. Rb5 1-0

[Event "Novi Sad Serbian op"]
[Site "Novi Sad"]
[Date "2016.11.11"]
[Round "7"]
[White "Opacic, Alexandar"]
[Black "Thuesen, Mogens Henrik"]
[Result "0-1"]
[WhiteElo "1984"]
[BlackElo "2207"]
[PlyCount "101"]
[EventDate "2016.11.06"]
[EventType "swiss"]
[EventRounds "9"]
[EventCountry "SRB"]
[SourceTitle "CBM 175 Extra"]
[Source "ChessBase"]
[SourceDate "2016.12.12"]
[SourceVersion "1"]
[SourceVersionDate "2016.12.12"]
[SourceQuality "1"]

1. e4 e6 2. Qe2 c5 3. g3 Nc6 4. Nf3 Nf6 5. Bg2 d5 6. d3 Be7 7. 0-0 b6 8. e5 Nd7 9. Re1 Bb7 10. h4 b5 11. a4 a6 12. axb5 axb5 13. Rxa8 Qxa8 14. c3 0-0 15. Bf4 Qa2 16. d4 Ba6 17. Bf1 Ra8 18. Qc2 b4 19. Bxa6 Rxa6 20. dxc5 b3 21. Qe2 Bxc5 22. Bc1 Rb6 23. Nbd2 Qa4 24. c4 dxc4 25. Nxc4 Rb4 26. Qd3 Rxc4 27. Qxd7 Nd4 28. Qd8+ Bf8 29. Nxd4 Rxd4 30. Qg5 h6 31. Qe3 Qc4 32. Bd2 Bc5 33. Bc3 Rd3 34. Qf4 Qxf4 35. gxf4 Rf3 36. Re4 Bxf2+ 37. Kg2 Re3 38. Rb4 Bxh4 39. f5 Be1 40. Rb8+ Kh7 41. fxe6 fxe6 42. Bd4 Rd3 43. Bc5 Kg6 44. Rb7 Bg3 45. Bd6 Bf4 46. Rc7 Rg3+ 47. Kf2 Kf5 48. Rf7+ Ke4 49. Re7 Rg5 50. Rxe6 Bc1 51. Ba3 0-1

[Event "Novi Sad Hotel Sajam op"]
[Site "Novi Sad"]
[Date "2015.10.29"]
[Round "6"]
[White "Bodiroga, Predrag"]
[Black "Opacic, Alexandar"]
[Result "1-0"]
[WhiteElo "2346"]
[BlackElo "2053"]
[PlyCount "47"]
[EventDate "2015.10.26"]
[EventType "swiss"]
[EventRounds "9"]
[EventCountry "SRB"]
[SourceTitle "CBM 169 Extra"]
[Source "ChessBase"]
[SourceDate "2015.12.18"]
[SourceVersion "1"]
[SourceVersionDate "2015.12.18"]
[SourceQuality "1"]

1. e4 d5 2. exd5 Qxd5 3. Nc3 Qd8 4. d4 Nf6 5. Nf3 Bg4 6. h3 Bxf3 7. Qxf3 c6 8. Be3 e6 9. Bd3 Nbd7 10. 0-0 Be7 11. Ne2 0-0 12. c4 Re8 13. Rad1 Qa5 14. Nc3 Rad8 15. a3 Nf8 16. Rfe1 Ng6 17. g3 Rd7 18. Rd2 Red8 19. Red1 c5 20. Bxg6 hxg6 21. dxc5 Rxd2 22. Rxd2 Rxd2 23. Bxd2 Bxc5 24. b4 1-0

[Event "Novi Sad Hotel Sajam op"]
[Site "Novi Sad"]
[Date "2015.10.27"]
[Round "3"]
[White "Opacic, Alexandar"]
[Black "Jovic, Stanoje"]
[Result "0-1"]
[WhiteElo "2053"]
[BlackElo "2287"]
[PlyCount "64"]
[EventDate "2015.10.26"]
[EventType "swiss"]
[EventRounds "9"]
[EventCountry "SRB"]
[SourceTitle "CBM 169 Extra"]
[Source "ChessBase"]
[SourceDate "2015.12.18"]
[SourceVersion "1"]
[SourceVersionDate "2015.12.18"]
[SourceQuality "1"]

1. e4 c6 2. d4 d5 3. Nc3 dxe4 4. Nxe4 Nf6 5. Ng5 h6 6. N5f3 Bg4 7. Bc4 e6 8. h3 Bh5 9. Qe2 Nbd7 10. Bf4 Nd5 11. Bd2 Bd6 12. g4 Bg6 13. Bd3 Bxd3 14. Qxd3 0-0 15. Ne2 b5 16. g5 hxg5 17. Nxg5 N7f6 18. 0-0-0 Qc7 19. Rdg1 Nf4 20. Nxf4 Bxf4 21. Rg4 Bxd2+ 22. Kxd2 c5 23. Rh4 Rfd8 24. Qf3 Rac8 25. Rg1 cxd4 26. Qd3 Qa5+ 27. Ke2 Qxa2 28. Rgg4 Qxb2 29. Rxd4 Qxc2+ 30. Ke3 Nd5+ 31. Ke4 Qxf2 32. Ke5 Qh2+ 0-1

[Event "Novi Sad Hotel Sajam op"]
[Site "Novi Sad"]
[Date "2015.10.26"]
[Round "1"]
[White "Petrov, Vladimir Sergeev"]
[Black "Opacic, Alexandar"]
[Result "1-0"]
[WhiteElo "2311"]
[BlackElo "2053"]
[PlyCount "71"]
[EventDate "2015.10.26"]
[EventType "swiss"]
[EventRounds "9"]
[EventCountry "SRB"]
[SourceTitle "CBM 169 Extra"]
[Source "ChessBase"]
[SourceDate "2015.12.18"]
[SourceVersion "1"]
[SourceVersionDate "2015.12.18"]
[SourceQuality "1"]

1. e4 c5 2. Nf3 Nc6 3. d4 cxd4 4. Nxd4 e5 5. Nb5 d6 6. N1c3 a6 7. Na3 Be6 8. Nc4 Nf6 9. Bg5 Nd4 10. Nd5 Bxd5 11. exd5 Qc7 12. c3 Ne4 13. Bc1 Nb5 14. Be3 Nc5 15. a4 Na7 16. a5 Nd7 17. Nb6 Qb8 18. Qa4 Be7 19. Bd3 g6 20. g4 h5 21. g5 h4 22. Rg1 Bf8 23. Rg4 Ke7 24. Nxa8 Qxa8 25. Rxh4 Rxh4 26. Qxh4 Nc8 27. Ra4 b5 28. axb6 Ncxb6 29. Rxa6 Qxd5 30. Qe4 Qxe4 31. Bxe4 Nc4 32. Bd5 Nxb2 33. Kd2 f5 34. Kc2 f4 35. Bc1 Nc5 36. Ra7+ 1-0

[Event "Vojvodina-ch 5th"]
[Site "Novi Sad"]
[Date "2014.07.14"]
[Round "4"]
[White "Popchev, Milko"]
[Black "Opacic, Alexandar"]
[Result "0-1"]
[WhiteElo "2331"]
[BlackElo "2110"]
[PlyCount "51"]
[EventDate "2014.07.12"]
[EventType "swiss"]
[EventRounds "9"]
[EventCountry "YUG"]
[SourceTitle "CBM 161 Extra"]
[Source "ChessBase"]
[SourceDate "2014.08.29"]
[SourceVersion "1"]
[SourceVersionDate "2014.08.29"]
[SourceQuality "1"]

1. d4 d5 2. c4 c6 3. Nf3 Nf6 4. Qc2 g6 5. Nc3 Bg7 6. e3 0-0 7. Bd2 a6 8. Be2 Bf5 9. Qb3 b5 10. cxb5 axb5 11. 0-0 Ne4 12. Nxe4 dxe4 13. Ne1 Be6 14. Qc2 Bd5 15. f3 f5 16. fxe4 fxe4 17. a4 Rxf1+ 18. Bxf1 Nd7 19. Qd1 bxa4 20. Rxa4 Rb8 21. Bc3 e6 22. Nc2 Qg5 23. Ra5 Qf6 24. Qe1 Rf8 25. Nb4 Bh6 26. Ra7 0-1

[Event "Venice Autumn op 13th"]
[Site "Venice"]
[Date "2007.11.04"]
[Round "6"]
[White "Pfeifer, Andreas"]
[Black "Opacic, Alexandar"]
[Result "1/2-1/2"]
[WhiteElo "2131"]
[BlackElo "2109"]
[PlyCount "165"]
[EventDate "2007.11.01"]
[EventType "swiss"]
[EventRounds "6"]
[EventCountry "ITA"]
[SourceTitle "EXT 2008"]
[Source "ChessBase"]
[SourceDate "2007.11.25"]
[SourceVersion "1"]
[SourceVersionDate "2007.11.25"]
[SourceQuality "1"]

1. e4 c5 2. Nf3 e6 3. d4 cxd4 4. Nxd4 a6 5. Nc3 Bb4 6. g3 Nf6 7. Bg2 d6 8. 0-0 0-0 9. Qd3 Ba5 10. h3 Nbd7 11. Nb3 Ne5 12. Qe2 Bb6 13. Be3 Bd7 14. Rad1 Bxe3 15. Qxe3 Nc4 16. Qd4 Qc7 17. Nd2 Nxb2 18. Rb1 Rac8 19. Nd5 exd5 20. Rxb2 dxe4 21. Nxe4 Nxe4 22. Bxe4 b5 23. Rd1 Bxh3 24. Bxh7+ Kxh7 25. Qh4+ Kg8 26. Qxh3 Qc3 27. Rb3 Qf6 28. Kg2 Rxc2 29. Rf3 Qe6 30. Qh2 Qh6 31. Qxh6 gxh6 32. Ra3 Rc6 33. Rad3 Rd8 34. Rd5 Kg7 35. R1d4 Rc4 36. Rd3 Rc2 37. a4 bxa4 38. Ra5 Rc6 39. Rxa4 d5 40. Rad4 Rcd6 41. Rf3 f6 42. g4 Kf7 43. Rf5 Ke6 44. Rh5 Rg8 45. Kf3 Rc8 46. Rxh6 Rc4 47. Rd3 Kd7 48. Rh1 Kc6 49. Rh5 a5 50. Rh8 a4 51. Ra8 Rb4 52. Ra5 d4 53. Ke4 Re6+ 54. Kf4 Rd6 55. Ke4 Re6+ 56. Kf4 Rc4 57. Ra6+ Kd7 58. Ra7+ Kc8 59. Kf5 Re2 60. Rf3 Rb2 61. Ke4 Kb8 62. Ra5 Rb6 63. Kd5 Rcb4 64. Rd3 Kb7 65. f4 Kc7 66. Ra7+ Kb8 67. Ra5 Rb7 68. Kc5 Rb3 69. Rxd4 a3 70. Rda4 Rf3 71. Rxa3 Rxf4 72. R3a4 Rf1 73. Rb5 Rxb5+ 74. Kxb5 Kc7 75. Rd4 Re1 76. Rf4 Re6 77. Kc5 Kd7 78. Kd5 Re5+ 79. Kd4 Re6 80. Re4 Ra6 81. Ke3 Ra1 82. Kf4 Rf1+ 83. Kg3 1/2-1/2